000
00247nam a2200097Ia 4500
001
679844
005
20250826161330.0
008
250824s9999 xx 000 0 und d
245
0
_a
HAYAT PASTANESİ
_c
ÇİĞDEM SEZER
260
_b
GÜNIŞIĞI YAYINLARI
999
_c
679844
_d
679844